000 00529nam a2200193Ia 4500
003 GCL
008 140319s9999 xx 000 0 ara d
040 _aGCL /
_cGCL
082 0 4 _a701
_bح ح
100 1 _aحسن سليمان
245 1 0 _aحرية الفنان /
_cحسن سليمان
260 _a[S.N] :
_bالهيئة المصرية العامة للكتاب ،
_c1980
300 _a197 ص
490 _a
650 0 4 _aالفلسفة
650 0 4 _aالفن
650 0 4 _aالفن والمجتمع
942 _2ddc
_cBK
999 _c29489
_d29489